| 000 | nam a22 a 4500 | ||
|---|---|---|---|
| 999 |
_c15334 _d15334 |
||
| 003 | BLK | ||
| 005 | 20210121104522.0 | ||
| 008 | 180413b bul|||||r ||||||| ||bul|| | ||
| 010 | _aKNG00017110000 | ||
| 020 | _a954-520-095-2 | ||
| 040 | _aBLK | ||
| 041 |
_aBUL _cBUL |
||
| 080 |
_aУправление на предприятията. Организация на производството, търговията, транспорта и съобщенията. Полиграфическа промишленост и издателско дело _b005 _x.012.4(075) _z005.012.4(075) |
||
| 100 |
_aДонъли, Джеймс Х. _eпърви автор _9260142 |
||
| 139 |
_aДонъли, Джеймс Х. и др. _bД 77 |
||
| 245 | 1 | 0 |
_aОснови на мениджмънта _cДжеймс Х. Донъли; съавт. Джеймс Л. Гибсън; съавт. Джон М. Иванчевич. |
| 257 | _aUSA | ||
| 260 |
_bОтворено о-во _c1997 _aСофия |
||
| 300 |
_a664 с. _bс табл., диагр. _c28 см |
||
| 380 | _a62 | ||
| 500 | _aДеп. списък: 18. - Други прев.: А. Пашов, Б. Гочева, Н. Кръстева. | ||
| 650 | 4 |
_aУправление - учебни помагала _9260145 |
|
| 650 | 4 |
_aОрганизация на управлението - учебни помагала _9260146 |
|
| 650 | 4 |
_aУправленски труд - учебни помагала _9260147 |
|
| 653 | _aмениджмънт | ||
| 653 | _aоснови | ||
| 700 |
_aГибсън, Джеймс Л. _eсъавт. _9260143 |
||
| 700 |
_aИванчевич, Джон М. _eсъавт. _9260144 |
||
| 852 | _aЦб ІІ 9007 | ||
| 856 | 4 |
_qpdf _u |
|
| 856 | 4 |
_qpdf _u |
|
| 942 |
_cKNG _n0 _01 _s1 |
||
| 944 |
_aCR _c15.01.2003 _kКети_Илиева |
||
| 944 |
_aED _c27.11.2012 |
||
| 944 |
_aED _c2021-01-21 _kВК |
||
| 999 | _d15334 | ||